[Event "Wch U10 Girls"]
[Site "Belfort"]
[Date "2005.07.26"]
[Round "9"]
[White "Wang, Jie"]
[Black "Kou, Yingya"]
[Result "1-0"]
[WhiteElo "1599"]
[BlackElo "1599"]
[PlyCount "77"]
[EventDate "2005.07.??"]
[EventType "swiss"]
[EventRounds "11"]
[EventCountry "FRA"]
[SourceTitle "CBM 107 Extra"]
[Source "ChessBase"]
[SourceDate "2005.09.01"]
[SourceVersion "1"]
[SourceVersionDate "2005.09.01"]
[SourceQuality "1"]

1. e4 c5 2. Nf3 d6 3. d4 cxd4 4. Nxd4 Nf6 5. Nc3 a6 6. Be2 e5 7. Nb3 Be7 8. a4 Nc6 9. Be3 Na5 10. Nxa5 Qxa5 11. 0-0 Be6 12. f3 0-0 13. Bd3 Nh5 14. Qe1 Qc7 15. Nd5 Bxd5 16. exd5 f5 17. c4 Rae8 18. Qb1 Qc8 19. a5 Nf4 20. b4 Rf6 21. Rc1 Ref8 22. c5 dxc5 23. bxc5 Rg6 24. Bxf4 exf4 25. Qb4 Bf6 26. Rab1 Qd8 27. Bxf5 Bd4+ 28. Qxd4 Rxf5 29. d6 Qg5 30. Rc2 Rd5 31. Qe4 Qf5 32. Qxf5 Rxf5 33. Rxb7 Rf8 34. d7 Rc6 35. Rb6 Rc7 36. c6 Kf7 37. Rb7 Rxb7 38. cxb7 Ke7 39. Rc8 1-0

[Event "Wch U10 Girls"]
[Site "Belfort"]
[Date "2005.07.25"]
[Round "8"]
[White "Wang, Jie"]
[Black "Bohorquez Canizares, Maria Isabel"]
[Result "1-0"]
[WhiteElo "1599"]
[BlackElo "1599"]
[PlyCount "45"]
[EventDate "2005.07.??"]
[EventType "swiss"]
[EventRounds "11"]
[EventCountry "FRA"]
[SourceTitle "CBM 107 Extra"]
[Source "ChessBase"]
[SourceDate "2005.09.01"]
[SourceVersion "1"]
[SourceVersionDate "2005.09.01"]
[SourceQuality "1"]

1. e4 e5 2. Nf3 Nc6 3. Bb5 Nf6 4. Nc3 d6 5. d4 Bd7 6. 0-0 Be7 7. Bg5 0-0 8. Re1 h6 9. Bh4 Bg4 10. Bxc6 bxc6 11. dxe5 Bxf3 12. Qxf3 dxe5 13. Rad1 Qb8 14. b3 Qb4 15. Rd3 Rfd8 16. Red1 c5 17. Bxf6 Bxf6 18. Nd5 Qb8 19. Nxf6+ gxf6 20. Rxd8+ Qxd8 21. Rxd8+ Rxd8 22. h3 Rd2 23. Qc3 1-0

[Event "Wch U10 Girls"]
[Site "Belfort"]
[Date "2005.07.21"]
[Round "3"]
[White "Efroimski, Marsel"]
[Black "Wang, Jie"]
[Result "0-1"]
[WhiteElo "1599"]
[BlackElo "1599"]
[PlyCount "116"]
[EventDate "2005.07.??"]
[EventType "swiss"]
[EventRounds "11"]
[EventCountry "FRA"]
[SourceTitle "CBM 107 Extra"]
[Source "ChessBase"]
[SourceDate "2005.09.01"]
[SourceVersion "1"]
[SourceVersionDate "2005.09.01"]
[SourceQuality "1"]

1. e4 c5 2. Nf3 d6 3. d4 cxd4 4. Nxd4 Nf6 5. Nc3 a6 6. Bg5 e6 7. f4 Be7 8. Qf3 Qc7 9. 0-0-0 Nbd7 10. g4 b5 11. Bxf6 Nxf6 12. g5 Nd7 13. f5 Bxg5+ 14. Kb1 Ne5 15. Qh5 Qd8 16. Rg1 Bf6 17. fxe6 0-0 18. Bh3 Ng6 19. exf7+ Rxf7 20. Bg2 Nf4 21. Qf3 Bxd4 22. Rxd4 Nh3 23. Qe3 Nxg1 24. e5 Bb7 25. Bxb7 Rxb7 26. Qxg1 Qf8 27. exd6 Rf7 28. Rd1 Rd8 29. Ne4 Rf4 30. Qc5 Rf1 31. Qd5+ Kh8 32. b3 h6 33. Rxf1 Qxf1+ 34. Kb2 Qh3 35. Qb7 Qe6 36. Qc7 Qe5+ 37. Kb1 Rf8 38. Ng3 h5 39. Qd7 h4 40. Qh3 g5 41. d7 Kg8 42. Nf5 Qe1+ 43. Kb2 b4 44. Nh6+ Kg7 45. Nf5+ Kg6 46. Ne3 Qc3+ 47. Kb1 Qf6 48. Qg4 Qe7 49. Qd4 a5 50. Qd3+ Kf7 51. Qd5+ Kg6 52. Qd3+ Kh5 53. Qe2+ Kg6 54. Qd3+ Kh5 55. Qe2+ Kg6 56. Qd3+ Kf7 57. Qc4+ Kg6 58. Qc7 Qe6 0-1